Philosophie der mythologie
Na minha lista:
| Autor principal: | |
|---|---|
| Formato: | Livro |
| Idioma: | alemão |
| Publicado em: |
Darmstadt
Wissenschaftliche Buchgesellschaft
1966
|
| Colecção: | Schelling Ausgewählte Werke
|
| Assuntos: | |
| Tags: |
Adicionar Tag
Sem tags, seja o primeiro a adicionar uma tag!
|
MARC
| LEADER | 00000nam a2200000 a 4500 | ||
|---|---|---|---|
| 001 | UCZ4203 | ||
| 003 | CL-VaPUC | ||
| 008 | 951106e19660000GW |||||||||||||||||ger|d | ||
| 082 | 0 | 4 | |a 141 |b SCH |2 21 |
| 100 | 0 | |a Schelling, Friedrich Wilhelm Joseph |e author |9 348161 | |
| 245 | 1 | 0 | |a Philosophie der mythologie |
| 300 | |a v | ||
| 942 | |c BK | ||
| 945 | |d 19951106 00:00:00 |a cmena | ||
| 260 | |a Darmstadt |b Wissenschaftliche Buchgesellschaft |c 1966 | ||
| 500 | |a v.1: Einleitung in die philosophie der mythologie | ||
| 650 | 0 | |a Idealismo |9 265685 | |
| 650 | 0 | |a Filosofía alemana |9 265002 | |
| 650 | 0 | |a Escuelas filosóficas |9 266232 | |
| 650 | 0 | |a Mitología |9 255719 | |
| 583 | |a last modification |c 20150907 10:44:36 |k Rodrigo Vera | ||
| 490 | 0 | |a Schelling Ausgewählte Werke | |
| 999 | |c 240620 |d 240618 | ||
| 952 | |0 0 |1 0 |4 0 |6 141_000000000000000_SCH_1966 |7 0 |8 P |9 252589 |a BIBEDU |b BIBEDU |d 2019-11-18 |h v.1 |i 1595091 |o 141 SCH 1966 |p 1595091 |r 2025-01-22 |w 2019-11-18 |y BK |k FIL | ||
| 952 | |0 0 |1 0 |4 0 |6 141_000000000000000_SCH_1966 |7 0 |8 P |9 252590 |a BIBEDU |b BIBEDU |d 2019-11-18 |h v.2 |i 1595105 |o 141 SCH 1966 |p 1595105 |r 2025-01-22 |w 2019-11-18 |y BK |k FIL | ||